| 000 | 00750nam a2200193 a 4500 | ||
|---|---|---|---|
| 001 | 000265721 | ||
| 003 | AM-YeHGA | ||
| 005 | 20250618071753.0 | ||
| 008 | 030925s1907 ai 000 | arm d | ||
| 040 | _aAM-YeHGA | ||
| 100 | 1 | _aՊիմէնօվ | |
| 245 | 1 | 0 |
_aՄշտական զօրք եւ միլիցիա / _cՊիմէնօվ; Թարգմ.՝ Յ. Եսայեան. |
| 260 |
_aԹիֆլիս : _bտպ. Հերմէս, _c1907. |
||
| 300 |
_a16 էջ ; _c17 սմ. |
||
| 501 | _aԱլիգ. 4 : Կազմված է՝ Յ. Եսայեան՝ Սիրոյ յարութիւն .- Ալէքսանդրապօլ,1905... | ||
| 650 | 1 | 4 |
_aՌուս գրականություն _xՊատմվածք _94645 |
| 700 | 1 |
_aԵսայեան, Յարութիւն _eթարգմ. _4trl |
|
| 090 | _c97863 | ||
| 999 |
_c96558 _d96558 |
||